The Batman (2022) - Statistics

General Stats
  • This quiz has been taken 1,012 times
  • The average score is 8 of 15
Answer Stats
Hint Answer % Correct
Batmans real name Bruce Wayne
99%
What color does riddler wear green
86%
Who does batman get intoa car chase with Penguin
80%
Who is the other vigilante catwoman
76%
Commissioner who works with batman Jim Gordon
58%
What was severed off ofthe riddlers first victim Thumb
58%
Does batman solo Yes
58%
What does Riddler use to mask his victims faces Tape
57%
What does a liar do when hes dead He lies still
53%
Who was the rat Carmine Falcone
47%
Riddler real name Edward Nashton
42%
What does Riddler write on hisfirst victims head with blood No More Lies
33%
How does riddler kill his secondvictim Bomb
23%
Who does the riddler blow up Alfred
16%
"If you are justice, pleasedo not lie what is the price ofyour blind eye"
11%
No matching quizzes found
Score Distribution
Percent of People with Each Score
Percentile by Number Answered
Your Score History
You have not taken this quiz